Statistics for All Disney's Aladdin Songs

Click here to take the quiz!

General Stats

  • This quiz has been taken 178 times
  • The average score is 9 of 12

Answer Stats

HintAnswer% Correct
Aladdin,JasmineA Whole New World
99%
CreditsA Whole New World (Reprise)
99%
GenieFriend Like Me
90%
CreditsFriend Like Me (Reprise)
90%
AladdinOne Jump Ahead
82%
AladdinOne Jump Ahead (Reprise)
82%
AladdinOne Jump Ahead (Reprise 2)
82%
GenieArabian Nights
81%
GeniePrince Ali
79%
JasmineSpeechless
60%
JasmineSpeechless (Reprise)
60%
AladdinPrince Ali (Reprise)
4%

Score Distribution

Percentile by Number Answered

Percent of People with Each Score

Your Score History

You have not taken this quiz